00595 2200217 4500001002100000005001700021008004100038020001800079035002500097040001200122082001300134090002200147100001800169245006400187250001100251260002700262300002800289650003100317850001200348990001700360YOGYA-0209000002941920150417093231.0 ind  a979-547-328-X a0010-020900000029419 aYOPDYOG a297.1202 aT 297.1202bHar P aHARUN, Salman aPelajaran dasar membaca dan menulis Al-Qur ancSalman Harun aCet. 1 aBandungbAngkasa6c1993 aviii, 72 hlm. ;c21 cm. aAl-Qur an - Metode membaca aYOPDYOG a5138-PN/P.00